000 00326nam a2200109Ia 4500
008 171211s9999 xx 000 0 und d
245 _aJob-Rich Growth In Asia
245 _cOrganization for Economic Cooperation and Development
260 _c2011
650 _xBUSINESS
856 _uhttp://down.ebook777.com/061/9264110976.pdf
999 _c349521
_d349521